000 01171nmc a2200325 a 4500
003 AR-BaBNM
005 20251128203911.0
008 136119s1971 ||||||||||||||000 | spa||
040 _cAR-BaBNM
100 1 _aJones, James J.
245 1 0 _aLa escuela y las relaciones públicas
260 _aBuenos Aires
_bTroquel
_c1971
300 0 _a144 p.
490 0 _aBiblioteca de la Nueva Educación
500 0 _aContiene glosario
500 1 _aEsta publicación ha sido preparada conjuntamente por la editorial y el Centro Regional de Ayuda Técnica, Agencia para el Desarrollo Internacional. El Centro fue una organización dedicada a producir versiones en español del material fílmico e impreso que e
504 _aBibliografía: p. 135-136
650 4 _aRELACIONES PUBLICAS
650 4 _aRELACIONES HUMANAS
650 4 _aRELACION ESCUELA-COMUNIDAD
650 4 _aRELACION PADRES-DOCENTE
650 4 _aORGANIZACIONES DE LA COMUNIDAD
650 4 _aPAPEL DE LA COMUNIDAD
651 4 _aEstados Unidos
653 0 _aGESTION EDUCATIVA
700 1 _aPirk, Andrés
_etraductor
700 1 _aKindred, Leslie W.
_eprologuista
942 _cBK
998 _cSILVI
999 _c5396
_d5396